000
00305nam a2200133Ia 4500
008
191201s1993 xx 000 0 und d
082
_a
658.31
_b
DAD
100
_a
DAYAL, Ishwar
245
0
_a
Designing HRD Systems
260
_a
N.Delhi
_b
Concept
_c
1993
300
_a
120
650
_a
MBA
942
_2
ddc
_c
BK
999
_c
3937
_d
3937